<?xml version="1.0" encoding="UTF-8"?>
<marc:record xmlns:marc="http://www.loc.gov/MARC21/slim">
   <marc:leader>00000nam a2200000 a 4500</marc:leader>
   <marc:datafield ind1="1" ind2=" " tag="100">
      <marc:subfield code="a">Bennett, Robert Jackson</marc:subfield>
      <marc:subfield code="4">aut</marc:subfield>
      <marc:subfield code="e">Verfasser/-in</marc:subfield>
   </marc:datafield>
   <marc:datafield ind1="0" ind2="0" tag="245">
      <marc:subfield code="a">Die Götter</marc:subfield>
   </marc:datafield>
   <marc:datafield ind1="0" ind2="0" tag="245">
      <marc:subfield code="b">Roman</marc:subfield>
   </marc:datafield>
   <marc:datafield ind1="0" ind2="0" tag="245">
      <marc:subfield code="c">Bennett, Robert Jackson</marc:subfield>
   </marc:datafield>
   <marc:datafield ind1=" " ind2="1" tag="264">
      <marc:subfield code="a">München</marc:subfield>
      <marc:subfield code="b">Blanvalet</marc:subfield>
   </marc:datafield>
   <marc:datafield ind1="1" ind2=" " tag="490">
      <marc:subfield code="a">Der Schlüssel der Magie / Robert Jackson Bennett</marc:subfield>
      <marc:subfield code="v">3</marc:subfield>
   </marc:datafield>
   <marc:datafield ind1=" " ind2=" " tag="250">
      <marc:subfield code="a">1. Auflage</marc:subfield>
   </marc:datafield>
   <marc:datafield ind1="1" ind2=" " tag="520">
      <marc:subfield code="a">Angaben aus der Verlagsmeldung

Der Schlüssel der Magie - Die Götter : Roman NN (The Founders Trilogy 3) / von Robert Jackson Bennett

Das Finale der großen Trilogie, die sowohl Fantasy- als auch Science-Fiction-Leser begeistert.

Es ist ein Krieg der Götter in der Welt der Sterblichen! Sancia und ihre Gefährten hatten versucht, den übermächtigen Magier der alten Zeit mit einem ebenso alten magischen Konstrukt zu besiegen. Das ging schief. Nun kämpfen die beiden mächtigen Wesenheiten um die Vorherrschaft über die Realität. Dabei ist ihnen das Schicksal der Menschen, die unter den Auswirkungen der Schlacht leiden, ziemlich egal. Die ehemalige Diebin Sancia Grado und ihre Freunde versuchen, die schlimmsten Kollateralschäden abzuwenden. Zum Glück erwacht der magische Schlüssel Clef aus seinem langen Schlaf – und er hat einen Plan …

Die Trilogie

Der Schlüssel der Magie

:

1. Die Diebin

2. Der Meister

3. Die Götter

</marc:subfield>
   </marc:datafield>
   <marc:datafield ind1=" " ind2=" " tag="020">
      <marc:subfield code="a">9783734162688</marc:subfield>
      <marc:subfield code="9">9783734162688</marc:subfield>
   </marc:datafield>
   <marc:datafield ind1=" " ind2=" " tag="020">
      <marc:subfield code="a">3734162688</marc:subfield>
      <marc:subfield code="9">3734162688</marc:subfield>
   </marc:datafield>
   <marc:datafield ind1=" " ind2=" " tag="041">
      <marc:subfield code="a">ger</marc:subfield>
   </marc:datafield>
   <marc:datafield ind1=" " ind2=" " tag="300">
      <marc:subfield code="a">635 Seiten</marc:subfield>
   </marc:datafield>
</marc:record>
